Histoire de la traite des noirs de l'antiquité áa nos jours / (Record no. 105021)

MARC details
000 -LEADER
campo de control de longitud fija 00714nam a2200217 i 4500
001 - NÚMERO DE CONTROL
campo de control 105021
003 - IDENTIFICADOR DE NÚMERO DE CONTROL
campo de control ES-MaACL
005 - FECHA Y HORA DE LA ÚLTIMA TRANSACCIÓN
campo de control 20250830063058.0
007 - CAMPO FIJO DE DESCRIPCIÓN FÍSICA--INFORMACIÓN GENERAL
campo de control de longitud fija t|
008 - DATOS DE LONGITUD FIJA--INFORMACIÓN GENERAL
campo de control de longitud fija 060606s1971 fr |||| | fre d
080 ## - NÚMERO DE LA CLASIFICACIÓN DECIMAL UNIVERSAL
Número de la Clasificación Decimal Universal 326(091)
100 1# - ENTRADA PRINCIPAL--NOMBRE DE PERSONA
Nombre de persona Deschamps, Hubert,
Fechas asociadas al nombre 1900-1979
9 (RLIN) 43846
245 10 - MENCIÓN DEL TÍTULO
Título Histoire de la traite des noirs de l'antiquité áa nos jours /
Mención de responsabilidad, etc. Hubert Deschamps.
260 ## - PUBLICACIÓN, DISTRIBUCIÓN, ETC.
Lugar de publicación, distribución, etc. [Paris] :
Nombre del editor, distribuidor, etc. Fayard,
Fecha de publicación, distribución, etc. [1971]
300 ## - DESCRIPCIÓN FÍSICA
Extensión 338 p. ;
Dimensiones 22 cm.
490 1# - MENCIÓN DE SERIE
Mención de serie L'Histoire sans frontières
650 #4 - PUNTO DE ACCESO ADICIONAL DE MATERIA--TÉRMINO DE MATERIA
Término de materia o nombre geográfico como elemento de entrada Esclavitud-
Subdivisión general Historia.
9 (RLIN) 12361
830 0# - PUNTO DE ACCESO ADICIONAL DE SERIE-TÍTULO UNIFORME
Título uniforme L'Histoire sans frontières
9 (RLIN) 232679
852 ## - LOCALIZACIÓN
Ubicación ES-MaACL
Número de control de estantería E-11241
Nota libre . - Biblioteca Jacinto Martínez Lacalle
Holdings
Estatus retirado Estado de pérdida Estado de daño No para préstamo Biblioteca de origen Biblioteca actual Ubicación en estantería Fecha de adquisición Fuente de adquisición Total de préstamos Signatura topográfica completa Código de barras Visto por última vez Precio de reemplazo Tipo de ítem Koha
        Biblioteca del Ateneo de Madrid Biblioteca del Ateneo de Madrid Depósito 2 17/01/2008     E-11241 1109644 23/02/2023 23/02/2023 Libro impreso